[Event "NSV Open-ch Rapid 2019"]
[Site "Lueneburg"]
[Date "2019.08.03"]
[Round "1.1"]
[White "Vorobiov, Evgeny E."]
[Black "Egelriede, Nikolas"]
[Result "1-0"]
[WhiteElo "2578"]
[BlackElo "1865"]
[Annotator "TA"]
[PlyCount "74"]
[EventDate "2019.08.03"]
[EventType "swiss"]
[EventCountry "GER"]
[SourceTitle "playchess.com"]
[Source "ChessBase"]
[SourceQuality "1"]

{[%evp 13,74,25,26,25,27,12,30,6,45,45,41,26,55,37,78,49,57,57,77,65,94,91,100,36,39,13,13,16,9,27,56,62,55,45,31,29,43,39,75,64,123,116,114,121,117,35,46,23,97,0,31,35,36,51,152,146,1185,272,29978,29978,29993,29994,29998]} 1. d4 d5 2. c4 c6 3. Nf3 Nf6 4. e3 Bf5 5. Nc3 e6 6. Nh4 Bg6 7. Nxg6 hxg6 8. g3 {D12: Slav Defence: 3 Nf3 Nf6 4 e3 Bf5} Nbd7 {[%cal Bb8d7,Bd7b6,Bb6d5][%mdl 32]} 9. Bd2 Be7 10. b3 {White has an edge.} O-O 11. Bg2 dxc4 12. bxc4 Nb6 $146 ({Predecessor:} 12... e5 13. Qb3 Rb8 14. Rd1 Qc7 15. O-O Rfd8 {½-½ (26) Kramnik,V (2754)-Gelfand,B (2696) Monte Carlo 2005}) 13. Qb3 {Threatens to win with c5.} Rb8 14. c5 Nbd5 15. O-O Re8 16. Rfd1 Nd7 17. e4 Nxc3 18. Bxc3 (18. Qxc3 $16 b6 19. cxb6) 18... Qc7 $14 19. f4 b6 20. cxb6 Nxb6 {With the idea ...Nd5.} 21. Qc2 Nc4 {next ...Ne3 is good for Black.} 22. Qe2 $36 {[%mdl 2048] White is more active.} Nb6 23. Rac1 c5 24. Ba5 Rbc8 25. e5 Qb8 26. Bxb6 $1 axb6 (26... Qxb6 $14 27. Rb1 Qa5) 27. d5 $16 exd5 28. Bxd5 b5 29. Kg2 (29. a4 $16) 29... c4 $14 30. a4 Red8 (30... bxa4 $11 {remains equal.} 31. Bxc4 Qb4) 31. Qe4 (31. axb5 $16 Qxb5 32. Bxc4 Qb7+ 33. Kh3 Rxd1 34. Rxd1) 31... bxa4 32. Rxc4 ({Don't go for} 32. Qxg6 $2 Rxd5 $1 {[%mdl 512]} 33. Qc2 Rxd1 $19) 32... Rxc4 33. Qxc4 Rc8 ({Better is} 33... Kf8 $14) 34. Bxf7+ $16 Kh7 $2 {[%mdl 8192] [#]} (34... Kf8 $16 35. Qa2 (35. Qxa4 Qb2+ 36. Kh3 Kxf7 $17) 35... Qb7+ 36. Bd5 Qd7) 35. Qe4 $2 (35. Qe6 $1 {Intending Qh3+ and mate.} Qb7+ 36. Kh3) 35... Qb2+ $2 {[#]} (35... Qa8 $18 36. Bxg6+ Kg8 37. Qxa8 Rxa8) 36. Kh3 $1 Qb6 {[#]} 37. Rd6 $1 {[%mdl 512]} Qb8 {Accuracy: White = 35%, Black = 26%.} (37... Bxd6 38. Qxg6+) 1-0

[Event "NSV Open-ch Rapid 2019"]
[Site "Lueneburg"]
[Date "2019.08.03"]
[Round "1.2"]
[White "Lai Hop, Long"]
[Black "Schneider, Ilja"]
[Result "0-1"]
[WhiteElo "1817"]
[BlackElo "2494"]
[Annotator "RC"]
[PlyCount "98"]
[EventDate "2019.08.03"]
[EventType "swiss"]
[EventCountry "GER"]
[SourceTitle "playchess.com"]
[Source "ChessBase"]
[SourceQuality "1"]
[TimeControl "600+5"]

1. c4 {[%emt 0:00:00]} c6 {[%emt 0:00:00]} 2. d4 {[%emt 0:00:00]} d5 {[%emt 0:00:00]} 3. Nf3 {[%emt 0:00:00]} Nf6 {[%emt 0:00:00]} 4. Nc3 {[%emt 0:00:03]} a6 {[%emt 0:00:00]} 5. g3 {[%emt 0:00:10]} b5 {[%emt 0:00:13]} 6. cxd5 {[%emt 0:00:17]} cxd5 {[%emt 0:00:01]} 7. Bg2 {[%emt 0:00:05]} e6 {[%emt 0:00:27]} 8. O-O {[%emt 0:00:12]} Bd6 {[%emt 0:00:09]} 9. Bg5 {[%emt 0:00:32]} Bb7 {[%emt 0:00:04]} 10. Re1 {[%emt 0:00:09]} Nbd7 {[%emt 0:00:13]} 11. Rc1 {[%emt 0:00:14]} O-O {[%emt 0:00:02]} 12. Nd2 {[%emt 0:00:16]} h6 {[%emt 0:01:15]} 13. Bxf6 {[%emt 0:00:06]} Nxf6 {[%emt 0:00:10]} 14. e4 {[%emt 0:00:01]} dxe4 {[%emt 0:08:36]} 15. Ndxe4 {[%emt 0:00:06]} Nxe4 {[%emt 0:00:00]} 16. Nxe4 {[%emt 0:00:07]} Be7 {[%emt 0:00:00]} 17. Re2 {[%emt 0:00:26]} Rc8 {[%emt 0:00:00]} 18. Rec2 {[%emt 0:00:16]} Rxc2 {[%emt 0:00:00]} 19. Rxc2 {[%emt 0:00:07]} Qa8 {[%emt 0:00:00]} 20. f3 {[%emt 0:00:19]} Rd8 {[%emt 0:00:00]} 21. Rd2 {[%emt 0:00:27]} Bd5 {[%emt 0:00:00]} 22. a3 {[%emt 0:00:43]} Qa7 {[%emt 0:00:00]} 23. b4 {[%emt 0:00:12]} Bxe4 {[%emt 0:00:00]} 24. fxe4 {[%emt 0:00:07]} Bg5 {[%emt 0:00:00]} 25. Rd3 {[%emt 0:00:06]} e5 {[%emt 0:00:00]} 26. Kh1 {[%emt 0:00:02]} Rc8 {[%emt 0:00:00]} 27. Qe2 {[%emt 0:00:25]} Rc1+ {[%emt 0:00:00]} 28. Rd1 {[%emt 0:00:07]} Qxd4 {[%emt 0:00:00]} 29. Bf3 {[%emt 0:00:48]} Rxd1+ {[%emt 0:00:00]} 30. Qxd1 {[%emt 0:00:01]} Qc3 {[%emt 0:00:00]} 31. Be2 {[%emt 0:00:45]} Qxa3 {[%emt 0:00:00]} 32. Qd6 {[%emt 0:00:20]} Qe3 {[%emt 0:00:00]} 33. Qd3 {[%emt 0:00:12]} Qxd3 {[%emt 0:01:35]} 34. Bxd3 {[%emt 0:00:01]} Be7 {[%emt 0:00:00]} 35. Kg2 {[%emt 0:00:04]} Bxb4 {[%emt 0:00:00]} 36. Kf3 {[%emt 0:00:02]} Kf8 {[%emt 0:00:00]} 37. Ke2 {[%emt 0:00:02]} Ke7 {[%emt 0:00:00]} 38. Kd1 {[%emt 0:00:05]} Kd6 {[%emt 0:00:00]} 39. Kc2 {[%emt 0:00:05]} Kc5 {[%emt 0:00:00]} 40. h3 {[%emt 0:00:04]} Be1 {[%emt 0:00:00]} 41. g4 {[%emt 0:00:02]} a5 {[%emt 0:00:00]} 42. Kd1 {[%emt 0:00:09]} Bh4 {[%emt 0:00:00]} 43. Kc2 {[%emt 0:05:20]} a4 44. Kb2 {[%emt 0:00:00]} b4 {[%emt 0:00:00]} 45. Ba6 {[%emt 0:00:00]} Bf2 {[%emt 0:00:00]} 46. Bc8 {[%emt 0:00:00]} Bd4+ {[%emt 0:00:00]} 47. Kb1 {[%emt 0:00:00]} b3 {[%emt 0:00:00]} 48. Bd7 {[%emt 0:00:00]} a3 {[%emt 0:00:00]} 49. Be8 {[%emt 0:00:00]} a2+ {[%emt 0:00:00]} 0-1

[Event "NSV Open-ch Rapid 2019"]
[Site "Lueneburg"]
[Date "2019.08.03"]
[Round "1.3"]
[White "Lubbe, Nikolas"]
[Black "Wirries, Frank-Michael"]
[Result "1-0"]
[WhiteElo "2431"]
[BlackElo "1858"]
[Annotator "ChessBase"]
[PlyCount "49"]
[EventDate "2019.08.03"]
[EventType "swiss"]
[EventCountry "GER"]
[SourceTitle "playchess.com"]
[Source "ChessBase"]
[SourceQuality "1"]
[TimeControl "600+5"]

1. d4 {[%emt 0:00:00]} Nf6 {[%emt 0:00:00]} 2. Nc3 {[%emt 0:00:00]} g6 {[%emt 0:00:05]} 3. e4 {[%emt 0:00:03]} d6 {[%emt 0:00:02]} 4. Nf3 {[%emt 0:00:07]} Bg7 {[%emt 0:00:02]} 5. Be2 {[%emt 0:00:08]} O-O {[%emt 0:00:08]} 6. O-O {[%emt 0:00:04]} Nbd7 {[%emt 0:00:28]} 7. h3 {[%emt 0:00:15]} c6 {[%emt 0:00:19]} 8. Be3 {[%emt 0:01:20]} Qc7 {[%emt 0:00:52]} 9. a4 {[%emt 0:00:17]} e5 {[%emt 0:00:54]} 10. dxe5 {[%emt 0:00:12]} dxe5 {[%emt 0:00:03]} 11. Qd2 {[%emt 0:00:16]} Nh5 {[%emt 0:00:44]} 12. Rfd1 {[%emt 0:00:38]} Nf4 {[%emt 0:00:25]} 13. Bf1 {[%emt 0:00:22]} Nf6 {[%emt 0:00:29]} 14. Bc5 {[%emt 0:00:32]} Re8 {[%emt 0:01:50]} 15. Bd6 {[%emt 0:00:03]} Qb6 {[%emt 0:00:09]} 16. a5 {[%emt 0:00:06]} Qd8 {[%emt 0:00:24]} 17. Bxe5 {[%emt 0:01:12]} Qxd2 {[%emt 0:00:13]} 18. Rxd2 {[%emt 0:00:01]} Nxe4 {[%emt 0:00:13]} 19. Nxe4 {[%emt 0:01:27]} Bxe5 {[%emt 0:00:19]} 20. Nxe5 {[%emt 0:00:04]} Rxe5 {[%emt 0:00:15]} 21. Rd8+ {[%emt 0:00:02]} Kg7 {[%emt 0:00:06]} 22. Nd6 {[%emt 0:00:01]} Ne6 {[%emt 0:01:18]} 23. Rxc8 {[%emt 0:00:03]} Rxc8 {[%emt 0:00:01]} 24. Nxc8 {[%emt 0:00:01]} Rd5 {[%emt 0:00:01]} 25. Nxa7 {[%emt 0:00:13]} 1-0

[Event "NSV Open-ch Rapid 2019"]
[Site "Lueneburg"]
[Date "2019.08.03"]
[Round "1.4"]
[White "Kotyk, Michael"]
[Black "Jahncke, Giso"]
[Result "0-1"]
[WhiteElo "1998"]
[BlackElo "2325"]
[Annotator "ChessBase"]
[PlyCount "100"]
[EventDate "2019.08.03"]
[EventType "swiss"]
[EventCountry "GER"]
[SourceTitle "playchess.com"]
[Source "ChessBase"]
[SourceQuality "1"]
[TimeControl "600+5"]

1. Nf3 {[%emt 0:01:14]} d5 {[%emt 0:00:00]} 2. b3 {[%emt 0:00:01]} Nf6 {[%emt 0:00:02]} 3. Bb2 {[%emt 0:00:01]} e6 {[%emt 0:10:13]} 4. e3 Be7 {[%emt 0:00:05]} 5. g4 O-O {[%emt 0:00:00]} 6. g5 {[%emt 0:00:01]} Ne4 {[%emt 0:00:00]} 7. h4 {[%emt 0:00:01]} c5 {[%emt 0:00:00]} 8. d3 {[%emt 0:00:01]} Nd6 {[%emt 0:00:00]} 9. Nbd2 {[%emt 0:00:06]} Nc6 {[%emt 0:00:00]} 10. Qe2 {[%emt 0:00:43]} Re8 {[%emt 0:00:00]} 11. e4 {[%emt 0:00:04]} Bf8 {[%emt 0:00:00]} 12. Bh3 {[%emt 0:00:32]} dxe4 {[%emt 0:00:00]} 13. Nxe4 {[%emt 0:00:20]} Nxe4 {[%emt 0:00:00]} 14. Qxe4 {[%emt 0:00:37]} Qd5 {[%emt 0:00:00]} 15. O-O-O {[%emt 0:00:25]} b6 {[%emt 0:00:00]} 16. c4 {[%emt 0:03:06]} Qxe4 {[%emt 0:00:00]} 17. dxe4 {[%emt 0:00:01]} Bb7 {[%emt 0:00:00]} 18. Rd7 {[%emt 0:00:01]} Na5 {[%emt 0:00:00]} 19. Ne5 {[%emt 0:01:05]} Bxe4 {[%emt 0:00:00]} 20. Rhd1 {[%emt 0:00:01]} Be7 {[%emt 0:00:00]} 21. Bc3 {[%emt 0:01:12]} Nc6 {[%emt 0:00:00]} 22. Nxc6 {[%emt 0:00:42]} Bxc6 {[%emt 0:00:00]} 23. Rc7 {[%emt 0:00:01]} Be4 {[%emt 0:00:00]} 24. Rdd7 {[%emt 0:00:02]} Bd8 {[%emt 0:00:00]} 25. Bxe6 {[%emt 0:00:26]} Bxc7 {[%emt 0:00:00]} 26. Bxf7+ {[%emt 0:00:03]} Kf8 {[%emt 0:00:00]} 27. Bxe8 {[%emt 0:00:01]} Bf4+ {[%emt 0:00:00]} 28. Kb2 {[%emt 0:00:01]} Kxe8 {[%emt 0:00:00]} 29. Rxg7 {[%emt 0:00:05]} Rd8 {[%emt 0:00:00]} 30. Bf6 {[%emt 0:00:34]} Rd7 {[%emt 0:00:00]} 31. Rg8+ {[%emt 0:00:04]} Kf7 {[%emt 0:00:00]} 32. Rh8 {[%emt 0:00:32]} Rd2+ {[%emt 0:00:00]} 33. Ka3 {[%emt 0:00:00]} Rxf2 {[%emt 0:00:00]} 34. Bb2 {[%emt 0:00:31]} Be3 {[%emt 0:00:00]} 35. Rc8 {[%emt 0:00:04]} Bd4 {[%emt 0:00:00]} 36. Rc7+ {[%emt 0:00:03]} Ke6 {[%emt 0:00:00]} 37. Bxd4 {[%emt 0:00:24]} cxd4 {[%emt 0:00:00]} 38. h5 {[%emt 0:00:00]} Rh2 {[%emt 0:00:00]} 39. g6 {[%emt 0:00:00]} hxg6 {[%emt 0:00:00]} 40. hxg6 {[%emt 0:00:02]} Bxg6 {[%emt 0:00:00]} 41. c5 {[%emt 0:00:10]} bxc5 {[%emt 0:00:00]} 42. Rxc5 {[%emt 0:00:03]} d3 {[%emt 0:00:00]} 43. Rc6+ {[%emt 0:00:02]} Kf5 {[%emt 0:00:00]} 44. Rd6 {[%emt 0:00:08]} d2 {[%emt 0:00:00]} 45. b4 {[%emt 0:00:03]} Bh5 {[%emt 0:00:00]} 46. Rd3 {[%emt 0:00:17]} d1=Q {[%emt 0:00:00]} 47. Rb3 {[%emt 0:00:00]} Qxb3+ {[%emt 0:00:01]} 48. axb3 {[%emt 0:00:00]} Ke6 {[%emt 0:00:08]} 49. b5 {[%emt 0:00:00]} Kd6 {[%emt 0:00:02]} 50. b6 {[%emt 0:00:00]} axb6 {[%emt 0:00:03]} 0-1

[Event "NSV Open-ch Rapid 2019"]
[Site "Lueneburg"]
[Date "2019.08.03"]
[Round "1.5"]
[White "Buchenau, Frank"]
[Black "Britsch, Benjamin"]
[Result "1-0"]
[WhiteElo "2294"]
[BlackElo "1835"]
[Annotator "TA"]
[PlyCount "83"]
[EventDate "2019.08.03"]
[EventType "swiss"]
[EventCountry "GER"]
[SourceTitle "playchess.com"]
[Source "ChessBase"]
[SourceQuality "1"]

{[%evp 14,82,56,42,47,50,54,39,87,75,80,76,195,181,203,203,215,236,231,223,239,132,366,367,372,371,348,304,269,235,218,218,214,214,237,235,232,237,228,194,200,206,234,229,292,224,189,0,274,169,278,271,303,302,302,282,300,290,364,363,563,514,1327,564,1276,670,835,828,795,779,29999]} 1. e4 e6 2. d4 d5 3. Nd2 dxe4 4. Nxe4 Bd7 5. Nf3 Bc6 6. Bd3 Nd7 7. O-O Ngf6 8. Ned2 b6 {C10: French with 3 Nc3: Unusual Black 3rd moves and 3...dxe4} (8... Be7 9. Re1 b6 10. Nc4 Bb7 11. Nce5 O-O 12. Qe2 h6 13. Bf4 c5 14. Rad1 cxd4 15. Nxd4 Nxe5 16. Bxe5 Qd5 17. Qf1 {½-½ (73) Piorun,K (2653)-Duda,J (2724) Zgierz 2018}) 9. Nc4 Bb7 10. Nce5 Nxe5 {White is slightly better.} 11. dxe5 Nd7 12. Qe2 Bxf3 $146 (12... c6 $16) ({Predecessor:} 12... Be7 13. Rd1 c6 14. a4 a5 15. Bf4 g5 16. Bd2 {1-0 (38) Winsnes,R (2516)-Lyrberg,P (2577) Sweden 2005}) 13. Qxf3 $18 Nxe5 14. Bb5+ c6 15. Bxc6+ Nxc6 16. Qxc6+ Ke7 17. Qb7+ (17. Bf4 $18 {Hoping for Rad1.} Qd5 18. Qa4 {[%mdl 64] Decoy}) 17... Kf6 $2 (17... Ke8 $16) 18. Qf3+ Ke7 19. Rd1 Qc8 20. Bf4 (20. Qa3+ Kf6 $18) 20... f6 21. Rd6 Kf7 22. Rc6 Qe8 23. Re1 Rd8 24. Rexe6 Qxe6 25. Rxe6 Kxe6 26. Qe4+ Kf7 {[#] ( -> ...Rd1+)} 27. Qc4+ Kg6 {White must now prevent ...Rd1+.} 28. g4 h6 29. Qe4+ Kf7 30. Qc4+ (30. Qb7+ $142 Be7 31. Be3 (31. Qxa7 Rd4 $16)) 30... Kg6 $1 31. Kg2 $36 {[%mdl 2048] White is in control.} Kh7 (31... Be7 $142 32. Qe4+ Kf7) 32. Qe4+ Kg8 33. Bc7 Rd7 34. Qe6+ Rf7 35. Bd8 Rh7 36. h4 Bc5 (36... g6 $142 37. Bxf6 Bg7) 37. a3 Kf8 {[#]} (37... g6 $142 38. Bxf6 Rhg7) 38. b4 (38. Qc8 $142 $1 {[%cal Rd8f6][%mdl 512]} Rc7 39. Bxc7+ Kf7 40. Qd7+ Kf8 41. Bd6+ Bxd6 42. Qxd6+ Ke8 43. Qb8+ Kf7 44. Qxa7+ Kg8 45. Qb8+ Kf7 46. Qb7+ Kf8 47. h5) 38... Bd4 39. Qe4 g6 40. Qxd4 Rd7 41. Qxf6+ Rhf7 42. Qh8# {Accuracy: White = 70%, Black = 46%.} 1-0

[Event "NSV Open-ch Rapid 2019"]
[Site "Lueneburg"]
[Date "2019.08.03"]
[Round "1.6"]
[White "Weidenhoefer, Max"]
[Black "Ertan, Can"]
[Result "0-1"]
[WhiteElo "1805"]
[BlackElo "2396"]
[Annotator "ChessBase"]
[PlyCount "94"]
[EventDate "2019.08.03"]
[EventType "swiss"]
[EventCountry "GER"]
[SourceTitle "playchess.com"]
[Source "ChessBase"]
[SourceQuality "1"]
[TimeControl "600+5"]

1. e4 {[%emt 0:00:00]} e5 {[%emt 0:00:00]} 2. Nf3 {[%emt 0:00:00]} Nc6 {[%emt 0:00:00]} 3. Bc4 {[%emt 0:00:00]} Bc5 {[%emt 0:00:00]} 4. c3 {[%emt 0:00:00]} Nf6 {[%emt 0:00:00]} 5. d3 {[%emt 0:00:00]} O-O {[%emt 0:00:02]} 6. O-O {[%emt 0:00:05]} d6 {[%emt 0:00:02]} 7. Nbd2 {[%emt 0:00:05]} a6 {[%emt 0:00:03]} 8. Bb3 {[%emt 0:00:05]} Ba7 {[%emt 0:00:01]} 9. Re1 {[%emt 0:00:05]} Be6 {[%emt 0:00:04]} 10. Nf1 {[%emt 0:00:07]} Ng4 {[%emt 0:00:39]} 11. Ne3 {[%emt 0:00:10]} Nxe3 {[%emt 0:00:10]} 12. Bxe3 {[%emt 0:00:02]} Re8 {[%emt 0:00:38]} 13. Bc2 {[%emt 0:00:14]} d5 {[%emt 0:00:05]} 14. Qe2 {[%emt 0:00:41]} d4 {[%emt 0:00:08]} 15. Bd2 {[%emt 0:00:14]} h6 {[%emt 0:00:34]} 16. h3 {[%emt 0:00:30]} Qf6 {[%emt 0:00:24]} 17. c4 {[%emt 0:00:24]} Ne7 {[%emt 0:00:16]} 18. Ba4 {[%emt 0:00:31]} c6 {[%emt 0:00:11]} 19. Nh2 {[%emt 0:00:14]} Qg6 {[%emt 0:00:28]} 20. Kh1 {[%emt 0:00:15]} b5 {[%emt 0:00:17]} 21. Bb3 {[%emt 0:00:38]} c5 {[%emt 0:01:50]} 22. Bc2 {[%emt 0:00:42]} bxc4 {[%emt 0:00:18]} 23. dxc4 {[%emt 0:00:02]} Rab8 {[%emt 0:00:05]} 24. b3 {[%emt 0:00:07]} Bb6 {[%emt 0:00:08]} 25. Ng4 {[%emt 0:00:24]} Nc6 {[%emt 0:00:16]} 26. Qf3 {[%emt 0:00:25]} Rbd8 {[%emt 0:00:41]} 27. Bd3 {[%emt 0:00:02]} Bc8 {[%emt 0:00:42]} 28. a3 {[%emt 0:00:46]} Ba5 {[%emt 0:00:04]} 29. Bxa5 {[%emt 0:00:17]} Nxa5 {[%emt 0:00:01]} 30. Rab1 {[%emt 0:00:07]} h5 {[%emt 0:00:17]} 31. Nh2 {[%emt 0:00:10]} Be6 {[%emt 0:00:00]} 32. Be2 {[%emt 0:00:15]} Rb8 {[%emt 0:00:26]} 33. Nf1 {[%emt 0:00:21]} Rb7 {[%emt 0:00:17]} 34. Nd2 {[%emt 0:00:03]} Reb8 {[%emt 0:00:05]} 35. Rb2 {[%emt 0:00:10]} Qg5 {[%emt 0:00:15]} 36. Reb1 {[%emt 0:00:12]} g6 {[%emt 0:00:20]} 37. b4 {[%emt 0:00:16]} Nc6 {[%emt 0:00:04]} 38. b5 {[%emt 0:00:09]} axb5 {[%emt 0:00:01]} 39. cxb5 {[%emt 0:00:10]} Na5 {[%emt 0:00:01]} 40. Rc2 {[%emt 0:00:21]} Qe7 {[%emt 0:01:23]} 41. a4 {[%emt 0:00:10]} Rc8 {[%emt 0:00:12]} 42. Nc4 {[%emt 0:00:03]} Bxc4 {[%emt 0:00:28]} 43. Bxc4 {[%emt 0:00:00]} Rb6 {[%emt 0:00:01]} 44. Qg3 {[%emt 0:00:21]} Rd8 {[%emt 0:00:02]} 45. Qxg6+ {[%emt 0:00:03]} Rxg6 {[%emt 0:00:01]} 46. Bd5 {[%emt 0:00:06]} Rb6 {[%emt 0:00:15]} 47. Rbc1 {[%emt 0:00:04]} Rc8 {[%emt 0:00:02]} 0-1

[Event "NSV Open-ch Rapid 2019"]
[Site "Lueneburg"]
[Date "2019.08.03"]
[Round "1.7"]
[White "Priebe, Jan"]
[Black "Rothenberg, Jannik"]
[Result "1-0"]
[WhiteElo "2204"]
[BlackElo "1859"]
[Annotator "TA"]
[PlyCount "89"]
[EventDate "2019.08.03"]
[EventType "swiss"]
[EventCountry "GER"]
[SourceTitle "playchess.com"]
[Source "ChessBase"]
[SourceQuality "1"]

{[%evp 26,89,8,9,56,50,60,38,48,27,63,57,88,0,-8,-13,-17,-22,0,-390,-383,-378,424,309,295,292,288,223,1595,224,226,218,218,183,181,180,237,183,179,174,205,111,105,88,79,77,71,75,79,86,267,278,350,259,289,293,291,281,408,391,540,533,771,760,5800,5552]} 1. e4 e6 2. d4 d5 3. Nd2 Nf6 4. e5 Nfd7 5. c3 c5 6. Bd3 Nc6 7. Ne2 cxd4 8. cxd4 f6 9. exf6 Nxf6 10. Nf3 Bd6 11. O-O O-O 12. Bf4 Ne4 13. Qc1 Bxf4 14. Nxf4 Qd6 {C06: French Tarrasch: 3...Nf6 4 e5 Nfd7 5 Bd3 main lines} (14... Ng5 15. Nxg5 Qxg5 16. Ne2 Qf6 17. Qc5 Bd7 18. Rad1 Rac8 19. Qd6 Be8 20. Rd2 Bh5 21. Ng3 Bg6 22. Bxg6 hxg6 23. Ne2 g5 24. h3 Rf7 {1-0 (68) Pridorozhni,A (2570)-Volkov,S (2612) Serpukhov 2018}) 15. Ne2 Nf6 16. Qg5 Bd7 {White is slightly better.} 17. Rac1 Rae8 $146 ({Predecessor:} 17... h6 18. Qh4 Nh7 19. Rc3 Rf6 20. Qg3 Qxg3 21. hxg3 {½-½ (70) Rahn,O (2013)-Krafzik,J (2083) Bad Woerishofen 2003}) 18. Ne5 Ne4 19. Qh5 (19. Bxe4 $1 $16 {And now Bd3 would win.} dxe4 20. Rfd1) 19... Rf5 $11 20. Qh3 Nxe5 21. dxe5 Qxe5 {White must now prevent ...Rh5.} 22. Ng3 $2 {[%mdl 8192] [#]} (22. Qe3 $11 {and White is okay.}) 22... Nxf2 $1 $19 {[%mdl 576] Decoy} 23. Rxf2 Qe3 $4 {[%mdl 8192]} (23... Rxf2 $19 {and life is good for Black.} 24. Qxh7+ Kf8 25. Kxf2 Qf4+ {[%mdl 64] Double Attack} 26. Ke2 Qxc1 27. Qh8+ Kf7 28. Qh5+ Ke7) 24. Nxf5 {Threatening mate with Ne7+!} Qxc1+ 25. Rf1 {Intending Ne7+! and mate.} Qc5+ 26. Qe3 Qb4 $2 (26... b6) 27. Qd4 $2 (27. Nh6+ Kh8 28. Nf7+ Kg8 {[#]} 29. Bxh7+ $1 {[%mdl 512]} Kf8 30. Ne5+ {[%mdl 64] Discovered Attack} Ke7 31. Rf7+ {[%mdl 64] Double Attack} Kd8 32. Rxd7+ Kc8 33. Qc1+ Qc4 34. Nxc4) 27... Qxd4+ $18 28. Nxd4 e5 29. Bb5 Bxb5 30. Nxb5 {[%mdl 4096] Endgame KRN-KR} a6 (30... Rc8 $142 31. Nxa7 Rc2) 31. Nc3 d4 32. Ne4 Rc8 33. Rd1 ({White should try} 33. g4 $18) 33... Kf8 34. Kf2 Ke7 35. Ke2 Rc2+ 36. Rd2 Rc1 37. Kd3 h6 $2 (37... Ke6 $16) 38. Rc2 Rg1 39. Rc7+ Ke6 40. Rxg7 Re1 {and if ...Re3+ works, Black does fine.} 41. Rg6+ ({Worse is} 41. Rxb7 Re3+ 42. Kd2 Rxe4 $11) 41... Ke7 (41... Kf7 $142) 42. Nc5 b5 43. Rxa6 {White is clearly winning.} Re3+ 44. Kd2 e4 45. Re6+ {Accuracy: White = 62%, Black = 39%.} 1-0

[Event "NSV Open-ch Rapid 2019"]
[Site "Lueneburg"]
[Date "2019.08.03"]
[Round "1.8"]
[White "Colbow, Collin"]
[Black "Bach, Matthias"]
[Result "1/2-1/2"]
[WhiteElo "2167"]
[BlackElo "2241"]
[Annotator "ChessBase"]
[PlyCount "104"]
[EventDate "2019.08.03"]
[EventType "swiss"]
[EventCountry "GER"]
[SourceTitle "playchess.com"]
[Source "ChessBase"]
[SourceQuality "1"]
[TimeControl "600+5"]

1. e4 {[%emt 0:00:00]} c5 {[%emt 0:00:00]} 2. Nf3 {[%emt 0:00:00]} Nf6 {[%emt 0:00:00]} 3. Nc3 {[%emt 0:00:06]} d5 {[%emt 0:00:00]} 4. exd5 {[%emt 0:00:02]} Nxd5 {[%emt 0:00:00]} 5. d4 {[%emt 0:00:01]} Nxc3 {[%emt 0:00:10]} 6. bxc3 {[%emt 0:00:01]} g6 {[%emt 0:00:02]} 7. Bd3 {[%emt 0:00:43]} Bg7 {[%emt 0:00:05]} 8. h3 {[%emt 0:00:22]} O-O {[%emt 0:00:03]} 9. O-O {[%emt 0:00:24]} Nc6 {[%emt 0:00:12]} 10. Be4 {[%emt 0:00:45]} cxd4 {[%emt 0:00:07]} 11. Bxc6 {[%emt 0:00:01]} bxc6 {[%emt 0:00:01]} 12. cxd4 {[%emt 0:00:02]} Be6 {[%emt 0:01:06]} 13. c3 {[%emt 0:00:07]} Qa5 {[%emt 0:00:16]} 14. Bd2 {[%emt 0:00:07]} Rfd8 {[%emt 0:00:34]} 15. Qe2 {[%emt 0:00:27]} Qb5 {[%emt 0:00:50]} 16. Qxb5 {[%emt 0:00:16]} cxb5 {[%emt 0:00:01]} 17. Rfe1 {[%emt 0:00:04]} Kf8 {[%emt 0:02:34]} 18. Ne5 {[%emt 0:00:02]} Rdc8 {[%emt 0:00:19]} 19. a4 {[%emt 0:00:35]} a6 {[%emt 0:00:11]} 20. d5 {[%emt 0:00:10]} Bxe5 {[%emt 0:00:30]} 21. Rxe5 {[%emt 0:00:09]} Bd7 {[%emt 0:00:11]} 22. Bh6+ {[%emt 0:01:36]} Ke8 {[%emt 0:00:00]} 23. Bg5 {[%emt 0:00:08]} e6 {[%emt 0:00:01]} 24. dxe6 {[%emt 0:00:13]} Bxe6 {[%emt 0:00:04]} 25. axb5 {[%emt 0:00:07]} axb5 {[%emt 0:00:17]} 26. Rxa8 {[%emt 0:00:02]} Rxa8 {[%emt 0:00:00]} 27. Rxb5 {[%emt 0:00:04]} Kd7 {[%emt 0:00:05]} 28. Kh2 {[%emt 0:00:54]} Kc6 {[%emt 0:00:10]} 29. Rb4 {[%emt 0:00:17]} Ra5 {[%emt 0:00:22]} 30. Be3 {[%emt 0:00:05]} Rb5 {[%emt 0:00:10]} 31. g4 {[%emt 0:01:04]} Rxb4 {[%emt 0:00:14]} 32. cxb4 {[%emt 0:00:01]} h5 {[%emt 0:00:01]} 33. gxh5 {[%emt 0:00:21]} gxh5 {[%emt 0:00:01]} 34. Kg3 {[%emt 0:00:04]} Bd5 {[%emt 0:00:18]} 35. Kf4 {[%emt 0:00:14]} Kd6 {[%emt 0:00:14]} 36. Kg5 {[%emt 0:00:26]} Bf3 {[%emt 0:00:02]} 37. Kf6 {[%emt 0:00:01]} Bd5 {[%emt 0:00:01]} 38. b5 {[%emt 0:00:42]} Kc7 {[%emt 0:00:16]} 39. b6+ {[%emt 0:00:02]} Kb7 {[%emt 0:00:01]} 40. h4 {[%emt 0:00:19]} Kc6 {[%emt 0:00:04]} 41. Kg5 {[%emt 0:00:37]} Bf3 {[%emt 0:00:02]} 42. Kf4 {[%emt 0:00:02]} Bd5 {[%emt 0:00:08]} 43. Ke5 {[%emt 0:00:24]} Bf3 {[%emt 0:00:10]} 44. Bd4 {[%emt 0:00:01]} Kb7 {[%emt 0:00:06]} 45. Kd6 {[%emt 0:00:02]} Bc6 {[%emt 0:00:15]} 46. f4 {[%emt 0:01:10]} Bf3 {[%emt 0:00:04]} 47. f5 {[%emt 0:00:02]} Be4 {[%emt 0:00:07]} 48. Ke5 {[%emt 0:00:01]} Bf3 {[%emt 0:00:03]} 49. Kf6 {[%emt 0:00:02]} Bd5 {[%emt 0:00:02]} 50. Kg5 {[%emt 0:00:09]} Bf3 {[%emt 0:00:01]} 51. f6 {[%emt 0:00:09]} Bg4 {[%emt 0:00:28]} 52. Kh6 {[%emt 0:00:07]} Kc6 {[%emt 0:00:00]} 1/2-1/2